| 000 | 01932cam a22003854a 4500 | ||
|---|---|---|---|
| 001 | 122387 | ||
| 005 | 20230410115425.0 | ||
| 008 | 041112s2005 nyua b 001 0 eng | ||
| 035 | _a13779831 | ||
| 010 | _a 2004026948 | ||
| 020 | _a0814408680 | ||
| 040 |
_aDLC _cDLC _dDLC |
||
| 041 | _aEng | ||
| 042 | _apcc | ||
| 043 | _an-us--- | ||
| 050 | 1 | 4 |
_aHD 5724 _bH668o 2005 |
| 082 | 0 | 0 | _a331.12 |
| 100 | 1 | _aHira, Ron | |
| 245 | 1 | 0 |
_aOutsourcing America : _bwhat's behind our national crisis and how we can reclaim American jobs / _cRon Hira and Anil Hira. |
| 260 |
_aNew York : _bAmerican Management Association, _cc2005. |
||
| 300 |
_axvii, 236 p. : _bill. ; _c24 cm. |
||
| 504 | _aIncludes bibliographical references (p. 215-228) and index. | ||
| 505 | 0 | _aWhat outsourcing means for America -- Outsourcing in a larger context -- The public debate on outsourcing is misleading -- Outsourcing of high-wage jobs -- Why companies are moving jobs overseas -- The far-reaching effects of outsourcing on the U.S. economy -- The human face of outsourcing : the impact on individual workers and communities -- How developing countries attract American jobs -- Ten policy recommendations. | |
| 520 | _aReveals just how much outsourcing is taking place, what its impact is and will be, and what can be done about the loss of jobs. One of the hottest topics in the news, outsourcing is extending well beyond the manufacturing sector to include white collar professionals. | ||
| 650 | 0 |
_aManpower policy _zUnited States. |
|
| 650 | 4 |
_aPolítica de mano de obra _zEstados Unidos. |
|
| 650 | 0 |
_aLabor market _zUnited States. |
|
| 650 | 4 |
_aMercado laboral _zEstados Unidos. |
|
| 651 | 0 |
_aUnited States _xCommercial policy. |
|
| 651 | 4 |
_aEstados Unidos _xPolítica comercial. |
|
| 700 | 1 | _aHira, Anil | |
| 856 | 4 | 1 |
_3Table of contents _uhttp://www.loc.gov/catdir/toc/ecip053/2004026948.html |
| 942 |
_2lcc _cbk |
||
| 946 | _adpf | ||
| 999 |
_c40876 _d40876 |
||